Foundations of nursing in the community : Community-oriented practice
With concise, focused coverage of community health nursing, Foundations of Nursing in the Community: Community-Oriented Practice, 4th Edition provides essential information for community practice ― from nursing roles and care settings to vulnerable population groups. The book uses a practical, commu...
Guardat en:
| Autor principal: | |
|---|---|
| Format: | Llibre |
| Idioma: | Undetermined |
| Publicat: |
St. Louis, Missouri
Elsevier/Mosby
2014
|
| Matèries: | |
| Etiquetes: |
Afegir etiqueta
Sense etiquetes, Sigues el primer a etiquetar aquest registre!
|
| Thư viện lưu trữ: | Trung tâm Học liệu Trường Đại học Cần Thơ |
|---|
| LEADER | 01288nam a2200217Ia 4500 | ||
|---|---|---|---|
| 001 | CTU_216508 | ||
| 008 | 210402s9999 xx 000 0 und d | ||
| 020 | |c 64.06 | ||
| 082 | |a 610.7343 | ||
| 082 | |b S786 | ||
| 100 | |a Stanhope, Marcia | ||
| 245 | 0 | |a Foundations of nursing in the community : | |
| 245 | 0 | |b Community-oriented practice | |
| 245 | 0 | |c Marcia Stanhope, Jeanette Lancaster | |
| 260 | |a St. Louis, Missouri | ||
| 260 | |b Elsevier/Mosby | ||
| 260 | |c 2014 | ||
| 520 | |a With concise, focused coverage of community health nursing, Foundations of Nursing in the Community: Community-Oriented Practice, 4th Edition provides essential information for community practice ― from nursing roles and care settings to vulnerable population groups. The book uses a practical, community-oriented approach and places an emphasis on health promotion and disease prevention. Practical application of concepts is highlighted throughout the text in case studies, critical thinking activities, QSEN competencies, and Healthy People 2020 objectives. | ||
| 650 | |a Community health services,Sức khoẻ cộng đồng,Dịch vụ y tế cộng đồng,Community health nursing | ||
| 904 | |i Qhieu - linh, sương | ||
| 980 | |a Trung tâm Học liệu Trường Đại học Cần Thơ | ||